El teléfono inteligente (smartphone) como herramienta pedagógica (Record no. 170767)
[ view plain ]
| 000 -CABECERA | |
|---|---|
| campo de control de longitud fija | 02010nab a2200325 a 4500 |
| 005 - FECHA Y HORA DE LA ÚLTIMA TRANSACCIÓN | |
| campo de control | 20210219162144.0 |
| 008 - ELEMENTOS DE LONGITUD FIJA--INFORMACIÓN GENERAL | |
| campo de control de longitud fija | 991125s1985 mx 000 0 spa u |
| 035 ## - NÚMERO DE CONTROL DEL SISTEMA | |
| Número de control de sistema | UPN01000198666 |
| 049 ## - COLECCIÓN | |
| Colección | ART-E |
| 100 1# - ASIENTO PRINCIPAL--NOMBRE PERSONAL | |
| Nombre de persona | Organista Sandoval, Javier |
| 100 1# - ASIENTO PRINCIPAL--NOMBRE PERSONAL | |
| Filiación | javor@uabc.edu.mx |
| 100 1# - ASIENTO PRINCIPAL--NOMBRE PERSONAL | |
| Nombre de persona | McAnally Salas, Lewis |
| 100 1# - ASIENTO PRINCIPAL--NOMBRE PERSONAL | |
| Filiación | mcanally@uabc.edu.mx |
| 100 1# - ASIENTO PRINCIPAL--NOMBRE PERSONAL | |
| Nombre de persona | Lavigne, Gilles |
| 100 1# - ASIENTO PRINCIPAL--NOMBRE PERSONAL | |
| Filiación | gilles@uabc.edu.mx |
| 222 #0 - TÍTULO CLAVE | |
| Título clave | APERTURA : |
| Información calificativa | REVISTA DE INNOVACION EDUCATIVA |
| 245 00 - MENCIÓN DE TÍTULO | |
| Título | El teléfono inteligente (smartphone) como herramienta pedagógica |
| 260 ## - PUBLICACIÓN, DISTRIBUCIÓN, ETC. | |
| Lugar de publicación, distribución, etc. | México |
| 362 0# - FECHAS DE PUBLICACIÓN Y/O DESIGNACIÓN SECUENCIAL | |
| Fecha de publicación y/o designación secuencial | 2013 Vol. 5, no. 1 |
| 336 ## - TIPO DE CONTENIDO | |
| Término de tipo de contenido | texto$2rdacontent |
| 337 ## - TIPO DE MEDIO | |
| Nombre/término del tipo de medio | computadora$2rdamedia |
| 338 ## - TIPO DE SOPORTE | |
| Nombre/término del tipo de soporte | recurso en linea$2rdacarrier |
| 520 3# - NOTA DE RESUMEN, ETC. | |
| Sumario, etc. | Se presenta un estudio sobre cobertura y usos educativos del celular con estudiantes y docentes de dos campi de la UABC. Se seleccionó una muestra al azar con 12% de estudiantes y 24% de docentes, a quienes se les aplicaron una encuesta para precisar la posesión de celular, sus características técnicas, los usos educativos realizados y las ventajas y desventajas de su uso en cursos universitarios. La posesión de teléfono celular se acerca a 97% tanto para estudiantes como para docentes. Los principales usos educativos fueron para comunicación, manejo de información y organización. Las desventajas señaladas fueron, entre otras, distracción y costo elevado de conexión. Las ventajas mayormente mencionadas fueron la bondad de contar con comunicación y acceso a la información en todo momento y lugar. Sin duda, el smartphone tiene gran potencial pedagógico; sin embargo, es necesario ampliar las investigaciones para su adecuada incorporación al proceso educativo universitario. |
| 653 0# - TERMINO DE INDIZACION - NO CONTROLADO | |
| Término no controlado | HERRAMIENTAS PEDAGOGICAS |
| 653 0# - TERMINO DE INDIZACION - NO CONTROLADO | |
| Término no controlado | TELEFONIA MOVIL |
| 653 0# - TERMINO DE INDIZACION - NO CONTROLADO | |
| Término no controlado | TENDENCIAS EDUCATIVAS |
| 856 4# - LOCALIZACIÓN Y ACCESO ELECTRÓNICOS | |
| Identificador Uniforme del Recurso | <a href="http://www.udgvirtual.udg.mx/apertura/index.php/apertura3/article/view/372/311">http://www.udgvirtual.udg.mx/apertura/index.php/apertura3/article/view/372/311</a> |
| 905 ## - TIPO DE MATERIAL | |
| Tipo de material | Articulo |
No items available.
